Normal view
MARC view
- D. A. T. A. BOOKS
Entry Personal Name
001 - CONTROL NUMBER
- control field: 75817
003 - CONTROL NUMBER IDENTIFIER
- control field: NUST
005 - DATE AND TIME OF LATEST TRANSACTION
- control field: 20210628205513.0
008 - FIXED-LENGTH DATA ELEMENTS
- fixed length control field: 210628|| aca||aabn | a|a d
040 ## - CATALOGING SOURCE
- Original cataloging agency: NUST
- Transcribing agency: NUST
100 ## - HEADING--PERSONAL NAME
- Personal name: D. A. T. A. BOOKS
670 ## - SOURCE DATA FOUND
- Source citation: Work cat.: (NUST): D. A. T. A. BOOKS, INTEGRATED CIRCUITS DISCONTINUED DEVICES, 1980
